00856nam a2200229 a 450000100100000000500170001000800410002702000180006804000250008608200270011110000330013824500820017125000120025326000540026530000210031950000730034050400310041365000500044465100400049465100450053465100470057900004860820250320094435.0100921s2016 dr 000 0 spa d a9789945409352 aDO-SdBNPbspacBNPHU a972.93053bG216m, 20161 aGarcía, Juan Manueld1946-13aLa matanza de los haitianos :ba la sentencia 168-13 /cJuan Manuel García. a2a. ed. aSanto Domingo :bLibrería la Trinitaria,c2016. a440 p. ;c23 cm. aIncluye referencias bibliográficas y notas al pie de las páginas aBibliografía: p. 422-440 4aHaitianos en república dominicanaySIGLO XX 4aRepública DominicaxMasacrey1937 0aRepública DominicanaxLimiteszHaití 4aHaitíxLímiteszRepública Dominicana